NLSUI OPAC header image

Recent trends in attitudes and behaviour affecting the family in council of Europe member states (Record no. 17866)

MARC details
000 -LEADER
fixed length control field 00512nam a2200157Ia 4500
008 - FIXED-LENGTH DATA ELEMENTS--GENERAL INFORMATION
fixed length control field 160316s1979 xxu||||| |||| 00| 0 eng d
082 ## - DEWEY DECIMAL CLASSIFICATION NUMBER
Classification number 304.600000
Item number ROU
100 ## - MAIN ENTRY--PERSONAL NAME
Personal name Roussel Louis
245 ## - TITLE STATEMENT
Title Recent trends in attitudes and behaviour affecting the family in council of Europe member states
250 ## - EDITION STATEMENT
Edition statement
260 ## - PUBLICATION, DISTRIBUTION, ETC.
Place of publication, distribution, etc. Strasbourg
Name of publisher, distributor, etc. Council of Europe
Date of publication, distribution, etc. 1979
300 ## - PHYSICAL DESCRIPTION
Extent 68p
Other physical details
Dimensions
365 ## - TRADE PRICE
Price amount
650 ## - SUBJECT ADDED ENTRY--TOPICAL TERM
Topical term or geographic name entry element 1.Behaviour - Attitude Changes - Impact - Family - European Countries
700 ## - ADDED ENTRY--PERSONAL NAME
Personal name Festy Patrick
--
Holdings
Withdrawn status Lost status Damaged status Not for loan Home library Current library Shelving location Date acquired Total Checkouts Full call number Barcode Date last seen Price effective from Koha item type Public note
        . . Council OF Europe 13.02.2020   304.6 ROU REP788 30.05.2017 30.05.2017 Repository Available In On-Line